Paesi che Iniziano con la G - Quiz con mappa - Statistics

Statistiche generali
  • Questo quiz è stato fatto 132 volte
  • Il punteggio medio è 14 su 16
Risposte nella Mappa
Le risposte nella mappa del quiz sottostante sono codificate secondo una scala di colori dal rosso al verde in base alla % di persone che hanno risposto correttamente.
 
Statistiche sulle risposte
Paese % Corretto
Germania
100%
Grecia
100%
Giappone
98%
Giordania
95%
Guatemala
94%
Gabon
91%
Guyana
91%
Georgia
90%
Guinea
90%
Ghana
88%
Gibuti
86%
Giamaica
83%
Gambia
82%
Guinea-Bissau
81%
Guinea Equatoriale
81%
Grenada
78%
Nessun quiz corrispondente trovato
Distribuzione punteggi
Percentuale di utenti per punteggio
Percentile per numero di risposta
I tuoi punteggi nel tempo
Non hai fatto questo quiz